[Event "Avoine op 24th"]
[Site "Avoine"]
[Date "2009.07.24"]
[Round "7"]
[White "Soyer, Jean Yves"]
[Black "Forlot, Francois"]
[Result "1-0"]
[WhiteElo "2081"]
[BlackElo "1881"]
[PlyCount "89"]
[EventDate "2009.07.18"]
[EventType "swiss"]
[EventRounds "9"]
[EventCountry "FRA"]
[SourceTitle "CBM 131 Extra"]
[Source "ChessBase"]
[SourceDate "2009.09.03"]
[SourceVersion "2"]
[SourceVersionDate "2009.09.16"]
[SourceQuality "1"]

1. e4 e5 2. Nf3 Nc6 3. Bb5 a6 4. Ba4 Nf6 5. 0-0 b5 6. Bb3 Bc5 7. d3 h6 8. c3 0-0 9. d4 Ba7 10. Nxe5 Nxe5 11. dxe5 Nxe4 12. Bd5 Nxf2 13. Rxf2 Bxf2+ 14. Kxf2 c6 15. Bb3 Qh4+ 16. Kg1 Qe4 17. Nd2 Qxe5 18. Nf3 Qf6 19. Be3 Re8 20. Bd4 Qf4 21. g3 Qc7 22. Qd3 d5 23. Bc2 g6 24. Qd2 Kh7 25. Rf1 f5 26. Re1 Bd7 27. Be5 Qb6+ 28. Kg2 Qd8 29. h4 Qe7 30. Bd4 Qf8 31. Ne5 Qe7 32. b4 Rac8 33. Qf4 g5 34. Bxf5+ Bxf5 35. Qxf5+ Kg8 36. Qg6+ Qg7 37. Qxg7+ Kxg7 38. hxg5 hxg5 39. Nxc6+ Kg8 40. Rxe8+ Rxe8 41. Ne5 Kh7 42. Kf3 Re7 43. Kg4 Kh6 44. Kf5 Re8 45. Nf7+ 1-0

[Event "Avoine op 22nd"]
[Site "Avoine"]
[Date "2007.07.27"]
[Round "7"]
[White "Forlot, Francois"]
[Black "Boure, Hugo"]
[Result "1-0"]
[WhiteElo "1914"]
[BlackElo "1680"]
[PlyCount "47"]
[EventDate "2007.07.21"]
[EventType "swiss"]
[EventRounds "9"]
[EventCountry "FRA"]
[SourceTitle "EXT 2010"]
[Source "ChessBase"]
[SourceDate "2010.11.25"]
[SourceVersion "1"]
[SourceVersionDate "2010.11.25"]
[SourceQuality "1"]

1. e4 c5 2. Nf3 Nc6 3. d4 cxd4 4. Nxd4 Nf6 5. Nc3 e5 6. Ndb5 d6 7. Bg5 a6 8. Na3 b5 9. Bxf6 gxf6 10. Nd5 Bg7 11. c3 f5 12. Bd3 Be6 13. Nxb5 axb5 14. Bxb5 Rc8 15. Nb4 Bd7 16. Qxd6 Nxb4 17. Qxb4 fxe4 18. Rd1 Rc7 19. 0-0 Rb7 20. Rxd7 Rxd7 21. Rd1 Qe7 22. Bxd7+ Qxd7 23. Rxd7 Kxd7 24. a4 1-0

[Event "Avoine op 22nd"]
[Site "Avoine"]
[Date "2007.07.26"]
[Round "6"]
[White "Grundman, Anatole"]
[Black "Forlot, Francois"]
[Result "0-1"]
[WhiteElo "1740"]
[BlackElo "1914"]
[PlyCount "52"]
[EventDate "2007.07.21"]
[EventType "swiss"]
[EventRounds "9"]
[EventCountry "FRA"]
[SourceTitle "EXT 2010"]
[Source "ChessBase"]
[SourceDate "2010.11.25"]
[SourceVersion "1"]
[SourceVersionDate "2010.11.25"]
[SourceQuality "1"]

1. d4 Nf6 2. c4 e6 3. Nc3 d5 4. Nf3 b6 5. Bg5 Be7 6. e3 Bb7 7. cxd5 Nxd5 8. Bxe7 Qxe7 9. Bb5+ c6 10. Bd3 Nxc3 11. bxc3 0-0 12. 0-0 Nd7 13. e4 Rfd8 14. Qe2 c5 15. Rfd1 Rac8 16. Rac1 Nf6 17. Bb1 Qc7 18. e5 Nd7 19. Ng5 Nf8 20. f4 cxd4 21. f5 h6 22. Nh3 dxc3 23. f6 Rxd1+ 24. Rxd1 c2 25. Bxc2 Qxc2 26. Qg4 Qg6 0-1

[Event "FRA-ch U18"]
[Site "Le Grand Bornand"]
[Date "2007.04.11"]
[Round "5"]
[White "Forlot, Francois"]
[Black "Favarel, Antoine"]
[Result "0-1"]
[WhiteElo "1902"]
[BlackElo "2046"]
[PlyCount "38"]
[EventDate "2007.04.07"]
[EventType "swiss"]
[EventRounds "9"]
[EventCountry "FRA"]
[SourceTitle "CBM 118 Extra"]
[Source "ChessBase"]
[SourceDate "2007.07.04"]
[SourceVersion "1"]
[SourceVersionDate "2007.07.04"]
[SourceQuality "1"]

1. e4 c5 2. Nf3 Nc6 3. d4 cxd4 4. Nxd4 Nf6 5. Nc3 e5 6. Ndb5 d6 7. Bg5 a6 8. Na3 b5 9. Bxf6 gxf6 10. Nd5 Bg7 11. c3 Ne7 12. Qd3 0-0 13. 0-0-0 Nxd5 14. Qxd5 Be6 15. Qxd6 Qa5 16. Qd2 Bxa2 17. Bd3 Rfc8 18. Qe3 b4 19. Bc4 Bxc4 0-1

[Event "FRA-ch U18"]
[Site "Le Grand Bornand"]
[Date "2007.04.10"]
[Round "4"]
[White "Leroy, Olivier"]
[Black "Forlot, Francois"]
[Result "0-1"]
[WhiteElo "2023"]
[BlackElo "1902"]
[PlyCount "166"]
[EventDate "2007.04.07"]
[EventType "swiss"]
[EventRounds "9"]
[EventCountry "FRA"]
[SourceTitle "CBM 118 Extra"]
[Source "ChessBase"]
[SourceDate "2007.07.04"]
[SourceVersion "1"]
[SourceVersionDate "2007.07.04"]
[SourceQuality "1"]

1. d4 Nf6 2. Nf3 b6 3. e3 Bb7 4. Bd3 e6 5. Nbd2 c5 6. c3 Nc6 7. 0-0 Rc8 8. Re1 Qc7 9. a3 Ne7 10. e4 Ng6 11. c4 h6 12. Nf1 cxd4 13. Nxd4 a6 14. b3 Bc5 15. Nc2 Ne5 16. Bb2 Nxd3 17. Qxd3 b5 18. Bxf6 bxc4 19. Qxc4 Bxf2+ 20. Kxf2 Qf4+ 21. Kg1 Rxc4 22. bxc4 gxf6 23. Ng3 Ke7 24. Rab1 Rb8 25. Nb4 a5 26. Nd3 Qd2 27. Rbd1 Qa2 28. Re2 Qxa3 29. Red2 Bc6 30. Kh1 Rb3 31. e5 f5 32. Nh5 Kd8 33. Nf6 Kc8 34. Ne8 Qe7 35. Nd6+ Kc7 36. Nc5 Rb6 37. Ra2 a4 38. Nxa4 Ra6 39. Nb5+ Kd8 40. Rb1 Qg5 41. Nd6 Rxa4 42. Nxf7+ Kc7 43. Nxg5 Rxa2 44. Nf3 Rc2 45. Kg1 Rxc4 46. Kf2 Be4 47. Ra1 Rc3 48. Re1 Kc6 49. Kg3 Rc4 50. Ra1 Rb4 51. Ra8 Rb3 52. Ra1 Kc5 53. Rc1+ Kb4 54. h3 Rc3 55. Rd1 Rd3 56. Rc1 Kb3 57. Rc8 Bc6 58. Rh8 Re3 59. Rxh6 Bxf3 60. gxf3 Rxe5 61. Rh8 d5 62. h4 d4 63. h5 d3 64. h6 d2 65. Rd8 Rd5 66. Rxd5 exd5 67. h7 d1Q 68. h8Q Qe1+ 69. Kf4 Qc3 70. Qd8 d4 71. Qd5+ Kb2 72. Qb5+ Kc2 73. Qa4+ Kc1 74. Kxf5 Qc2+ 75. Qxc2+ Kxc2 76. Kg6 d3 77. f4 d2 78. f5 d1Q 79. f6 Qg4+ 80. Kf7 Qg5 81. Ke6 Kd3 82. f7 Qd8 83. Kf5 Qf8 0-1

[Event "FRA-ch U18"]
[Site "Le Grand Bornand"]
[Date "2007.04.08"]
[Round "1"]
[White "Forlot, Francois"]
[Black "Guilleux, Fabien"]
[Result "0-1"]
[WhiteElo "1902"]
[BlackElo "2203"]
[PlyCount "46"]
[EventDate "2007.04.07"]
[EventType "swiss"]
[EventRounds "9"]
[EventCountry "FRA"]
[SourceTitle "CBM 118 Extra"]
[Source "ChessBase"]
[SourceDate "2007.07.04"]
[SourceVersion "1"]
[SourceVersionDate "2007.07.04"]
[SourceQuality "1"]

1. e4 c5 2. Nf3 d6 3. d4 cxd4 4. Nxd4 Nf6 5. Nc3 a6 6. Bg5 e6 7. Be2 Be7 8. Qd2 Qc7 9. 0-0-0 Nbd7 10. g4 b5 11. Bxb5 axb5 12. Ndxb5 Qc6 13. f3 Ne5 14. Bxf6 Nc4 15. Qe2 gxf6 16. Rd4 Nb6 17. Qd1 Kd7 18. Qd2 Ba6 19. Rb4 Bxb5 20. Nxb5 Rxa2 21. Kb1 Rha8 22. Na3 Nc4 23. Qd3 Nxa3+ 0-1

[Event "Morbihan-ch 0607"]
[Site "Morbihan"]
[Date "2007.03.10"]
[Round "6"]
[White "Forlot, Francois"]
[Black "Le Clanche, Marcel"]
[Result "1-0"]
[WhiteElo "1899"]
[BlackElo "1870"]
[PlyCount "51"]
[EventDate "2006.10.21"]
[EventType "swiss"]
[EventRounds "7"]
[EventCountry "FRA"]
[SourceTitle "EXT 2009"]
[Source "ChessBase"]
[SourceDate "2008.11.26"]
[SourceVersion "1"]
[SourceVersionDate "2008.11.26"]
[SourceQuality "1"]

1. e4 c5 2. Nf3 d6 3. d4 cxd4 4. Nxd4 Nc6 5. c4 Nf6 6. Nc3 a6 7. Be3 e6 8. Be2 Be7 9. Qd2 0-0 10. 0-0-0 Bd7 11. Rhg1 Rc8 12. g4 d5 13. Nxc6 Bxc6 14. exd5 exd5 15. g5 Ne4 16. Nxe4 dxe4 17. Qc3 Qc7 18. Bd4 Qf4+ 19. Kb1 Bd5 20. Bxg7 Bxc4 21. Bxc4 Rxc4 22. Qxc4 Kxg7 23. Rde1 Qxf2 24. Qxe4 Bc5 25. Rg4 b6 26. Rh4 1-0

[Event "Bretagne-ch U18"]
[Site "Ploermel"]
[Date "2007.02.15"]
[Round "4"]
[White "Demoulin, Laetitia"]
[Black "Forlot, Francois"]
[Result "0-1"]
[WhiteElo "1700"]
[BlackElo "1899"]
[PlyCount "30"]
[EventDate "2007.02.13"]
[EventType "tourn"]
[EventRounds "6"]
[EventCountry "FRA"]
[SourceTitle "EXT 2008"]
[Source "ChessBase"]
[SourceDate "2007.11.25"]
[SourceVersion "1"]
[SourceVersionDate "2007.11.25"]
[SourceQuality "1"]

1. e4 e5 2. f4 Bc5 3. Nf3 d6 4. Bc4 Bg4 5. Be2 h5 6. d4 Bxf3 7. dxc5 Bxg2 8. Rg1 Qh4+ 9. Kd2 Qxf4+ 10. Kc3 Qxe4 11. Bd3 Qd4+ 12. Kb3 Nc6 13. Bd2 a5 14. Bb5 a4+ 15. Ka3 Qxc5+ 0-1

[Event "Bretagne-ch U18"]
[Site "Ploermel"]
[Date "2007.02.15"]
[Round "5"]
[White "Forlot, Francois"]
[Black "Baudon, Andrew"]
[Result "1-0"]
[WhiteElo "1899"]
[BlackElo "1916"]
[PlyCount "75"]
[EventDate "2007.02.13"]
[EventType "tourn"]
[EventRounds "6"]
[EventCountry "FRA"]
[SourceTitle "EXT 2008"]
[Source "ChessBase"]
[SourceDate "2007.11.25"]
[SourceVersion "1"]
[SourceVersionDate "2007.11.25"]
[SourceQuality "1"]

1. e4 e5 2. Nf3 Nf6 3. Nxe5 d6 4. Nf3 Nxe4 5. d4 d5 6. Bd3 Bd6 7. 0-0 0-0 8. c4 c6 9. Nc3 Nxc3 10. bxc3 dxc4 11. Bxc4 Bg4 12. Qd3 Bh5 13. Re1 Nd7 14. Bg5 Qc7 15. h3 c5 16. Re3 Bg6 17. Qe2 h6 18. Be7 Bf4 19. Bxf8 Bxe3 20. Bxg7 Bxf2+ 21. Kxf2 Kxg7 22. Rd1 Nf6 23. Bd3 Re8 24. Qd2 Bxd3 25. Qxd3 c4 26. Qc2 Ne4+ 27. Kg1 Ng3 28. Ne5 b5 29. Qf2 Ne4 30. Qf3 Nd6 31. Rf1 Re7 32. Qf6+ Kg8 33. Rf4 Ne8 34. Qxh6 f6 35. Qg6+ Ng7 36. Qxf6 Ne6 37. Rh4 Ng7 38. Ng6 1-0

[Event "Bretagne-ch U18"]
[Site "Ploermel"]
[Date "2007.02.13"]
[Round "1"]
[White "Brucelle, Clement"]
[Black "Forlot, Francois"]
[Result "0-1"]
[WhiteElo "2025"]
[BlackElo "1899"]
[PlyCount "90"]
[EventDate "2007.02.13"]
[EventType "tourn"]
[EventRounds "6"]
[EventCountry "FRA"]
[SourceTitle "EXT 2008"]
[Source "ChessBase"]
[SourceDate "2007.11.25"]
[SourceVersion "1"]
[SourceVersionDate "2007.11.25"]
[SourceQuality "1"]

1. e4 e5 2. Bc4 Nf6 3. Nf3 Nc6 4. d4 exd4 5. e5 d5 6. Bb5 Nd7 7. 0-0 Bc5 8. c3 0-0 9. cxd4 Bb6 10. Nc3 Ne7 11. Bd3 f5 12. exf6 Nxf6 13. Be3 Bf5 14. Ne5 c6 15. Be2 Ng6 16. f4 Nd7 17. Nd3 Re8 18. Qd2 Qf6 19. Nf2 Qe6 20. Nfd1 Nf6 21. h3 h5 22. Bf2 Ne4 23. Nxe4 Qxe4 24. Bxh5 Nxf4 25. Bf3 Nxh3+ 26. Kh2 Qf4+ 27. Qxf4 Nxf4 28. Bg3 Bd3 29. Rf2 Ne6 30. Rd2 Be4 31. Be5 Bxf3 32. gxf3 Rf8 33. Kg3 Rf5 34. f4 Raf8 35. Ne3 R5f7 36. f5 Ng5 37. Rh2 Re7 38. Re1 Rfe8 39. Kf4 Nf7 40. Ng2 Nxe5 41. dxe5 Bc7 42. Rh3 Bxe5+ 43. Kg4 Bxb2 44. Reh1 Re4+ 45. Kg5 Kf7 0-1

[Event "Avoine op 21th"]
[Site "Avoine"]
[Date "2006.07.27"]
[Round "6"]
[White "Forlot, Francois"]
[Black "Miqueu, Eric"]
[Result "0-1"]
[WhiteElo "1860"]
[BlackElo "2070"]
[PlyCount "42"]
[EventDate "2006.07.22"]
[EventType "swiss"]
[EventRounds "9"]
[EventCountry "FRA"]
[SourceTitle "EXT 2007"]
[Source "ChessBase"]
[SourceDate "2006.11.23"]
[SourceVersion "1"]
[SourceVersionDate "2006.11.23"]
[SourceQuality "1"]

1. e4 e6 2. d4 d5 3. exd5 exd5 4. Nf3 Bg4 5. Bd3 Nc6 6. c3 Bd6 7. 0-0 Nge7 8. Re1 Qd7 9. Nbd2 f6 10. Qc2 0-0-0 11. b4 Rdg8 12. a4 Bf5 13. a5 Bxd3 14. Qxd3 Nf5 15. Nb3 g5 16. Nc5 Bxc5 17. dxc5 g4 18. b5 gxf3 19. bxc6 Rxg2+ 20. Kh1 Ng3+ 21. fxg3 Qh3 0-1

[Event "Bretagne-ch U16"]
[Site "Sarzeau"]
[Date "2006.02.24"]
[Round "6"]
[White "Forlot, Francois"]
[Black "Renaudin, Antonin"]
[Result "0-1"]
[WhiteElo "1870"]
[BlackElo "1690"]
[PlyCount "48"]
[EventDate "2006.02.21"]
[EventType "swiss"]
[EventRounds "6"]
[EventCountry "FRA"]
[SourceTitle "EXT 2007"]
[Source "ChessBase"]
[SourceDate "2006.11.23"]
[SourceVersion "1"]
[SourceVersionDate "2006.11.23"]
[SourceQuality "1"]

1. e4 c5 2. Nf3 d6 3. d4 cxd4 4. Nxd4 Nf6 5. Nc3 g6 6. Be3 Bg7 7. f3 0-0 8. Bc4 Nc6 9. Nde2 Bd7 10. Qd2 Ne5 11. Bb3 b5 12. Bh6 a5 13. Nd5 Nxd5 14. Bxd5 Ra7 15. Bxg7 Kxg7 16. Qd4 Qb8 17. a3 Kg8 18. h4 h5 19. b3 e6 20. Nf4 exd5 21. Nxd5 Be6 22. Nf6+ Kg7 23. Nxh5+ gxh5 24. f4 Rd7 0-1

[Event "Bretagne-ch U16"]
[Site "Sarzeau"]
[Date "2006.02.23"]
[Round "4"]
[White "Forlot, Francois"]
[Black "Aloe, Kevin"]
[Result "1-0"]
[WhiteElo "1870"]
[BlackElo "1560"]
[PlyCount "119"]
[EventDate "2006.02.21"]
[EventType "swiss"]
[EventRounds "6"]
[EventCountry "FRA"]
[SourceTitle "EXT 2007"]
[Source "ChessBase"]
[SourceDate "2006.11.23"]
[SourceVersion "1"]
[SourceVersionDate "2006.11.23"]
[SourceQuality "1"]

1. e4 e5 2. Nf3 Nf6 3. Nxe5 d6 4. Nf3 Nxe4 5. d4 d5 6. Bd3 c5 7. Qe2 Qe7 8. c4 Be6 9. 0-0 Nc6 10. cxd5 Bxd5 11. Re1 Nf6 12. Qc2 Be6 13. Bb5 0-0-0 14. Bxc6 bxc6 15. Ne5 Bd5 16. Qf5+ Rd7 17. Bd2 Be6 18. Qc2 Rd6 19. dxc5 Rd5 20. Nxc6 Qxc5 21. Qxc5 Bxc5 22. b4 Ne4 23. Rxe4 Bf5 24. bxc5 Bxe4 25. Ne7+ Kc7 26. Nxd5+ Bxd5 27. Nc3 Bc6 28. Bf4+ Kb7 29. f3 f6 30. Re1 g5 31. Bd6 g4 32. fxg4 Rg8 33. Re7+ Ka8 34. Rxh7 Rxg4 35. g3 Rc4 36. Rh8+ Kb7 37. Rb8+ Ka6 38. Rb3 f5 39. Kf2 Ra4 40. Ke3 Rg4 41. Bb8 Rc4 42. Ra3+ Kb7 43. Bxa7 Bg2 44. Nb5 Rg4 45. Nd6+ Kc6 46. Nxf5 Bh1 47. Nd4+ Kc7 48. Nf3 Rg7 49. Bb6+ Kc6 50. Kf2 Rf7 51. h4 Rf5 52. g4 Rf4 53. g5 Rf5 54. g6 Rf8 55. h5 Kb7 56. h6 Rg8 57. h7 Rxg6 58. h8Q Rg2+ 59. Ke3 Rg6 60. Qa8# 1-0

[Event "Bretagne-ch U16"]
[Site "Sarzeau"]
[Date "2006.02.23"]
[Round "5"]
[White "Migot, Tangi"]
[Black "Forlot, Francois"]
[Result "0-1"]
[WhiteElo "1997"]
[BlackElo "1870"]
[PlyCount "134"]
[EventDate "2006.02.21"]
[EventType "swiss"]
[EventRounds "6"]
[EventCountry "FRA"]
[SourceTitle "EXT 2007"]
[Source "ChessBase"]
[SourceDate "2006.11.23"]
[SourceVersion "1"]
[SourceVersionDate "2006.11.23"]
[SourceQuality "1"]

1. e4 e5 2. Nc3 Bc5 3. Bc4 Nf6 4. d3 Nc6 5. Bg5 h6 6. Bh4 a6 7. Nge2 d6 8. a3 Ba7 9. Ba2 Bg4 10. h3 Bh5 11. Qd2 Nxe4 12. Bxd8 Nxd2 13. Bxc7 Nf3+ 14. gxf3 Kd7 15. Bxd6 Kxd6 16. Rg1 g5 17. Ne4+ Ke7 18. Nd2 Rac8 19. c3 Rhd8 20. Bb1 Kf6 21. Ng3 Bg6 22. Nde4+ Kg7 23. Bc2 Ne7 24. Ne2 Nf5 25. N2g3 Nh4 26. Ke2 Rc7 27. a4 f5 28. Nd2 Rcd7 29. Rab1 Bf7 30. c4 Be6 31. b4 Ng6 32. Ke1 Nf4 33. h4 Nxd3+ 34. Bxd3 Rxd3 35. Ndf1 Kg6 36. hxg5 hxg5 37. Rc1 R3d4 38. Ke2 Rc8 39. Ne3 f4 40. Nc2 Bxc4+ 41. Ke1 Rdd8 42. Ne4 Bb3 43. Rxg5+ Kh6 44. Rxe5 Rxc2 45. Rxc2 Bxc2 46. Re6+ Kg7 47. Re7+ Kg6 48. Rxb7 Bxe4 49. fxe4 Bd4 50. Rc7 f3 51. Rc6+ Kg5 52. Rc7 Kf4 53. b5 axb5 54. axb5 Rb8 55. Rf7+ Kxe4 56. Re7+ Be5 57. Ra7 Rxb5 58. Ra3 Rb1+ 59. Kd2 Rf1 60. Re3+ Kf4 61. Kd3 Rxf2 62. Re4+ Kf5 63. Re1 Bf4 64. Re8 Kg4 65. Rg8+ Bg5 66. Ke4 Re2+ 67. Kd3 Re3+ 0-1

[Event "Morbihan-ch 0506"]
[Site "Arradon"]
[Date "2006.02.11"]
[Round "5"]
[White "Forlot, Francois"]
[Black "Ropert, Mickael"]
[Result "1-0"]
[WhiteElo "1850"]
[BlackElo "1430"]
[PlyCount "65"]
[EventDate "2005.10.01"]
[EventType "swiss"]
[EventRounds "7"]
[EventCountry "FRA"]
[SourceTitle "EXT 2007"]
[Source "ChessBase"]
[SourceDate "2006.11.23"]
[SourceVersion "1"]
[SourceVersionDate "2006.11.23"]
[SourceQuality "1"]

1. e4 c5 2. Nf3 d6 3. d4 cxd4 4. Nxd4 a6 5. Nc3 Nf6 6. Be3 e5 7. Nf3 Nc6 8. Bc4 h6 9. h3 Bd7 10. Qd2 Rc8 11. Bb3 Na5 12. g4 Nxb3 13. axb3 Bc6 14. Qd3 Qc7 15. g5 Nxe4 16. Nxe4 Bxe4 17. Qxe4 Qxc2 18. Qxb7 Qf5 19. Qxa6 Be7 20. Qa4+ Kf8 21. Qg4 Qxg4 22. hxg4 e4 23. Nd4 d5 24. gxh6 gxh6 25. Rxh6 Rxh6 26. Bxh6+ Kg8 27. Ke2 Rb8 28. Be3 Rc8 29. Ra5 Bc5 30. b4 Bxd4 31. Bxd4 Rc4 32. Rxd5 Rxb4 33. Ke3 1-0

[Event "FRA-chT4 0506"]
[Site "Bretagne"]
[Date "2005.12.04"]
[Round "3"]
[White "Monnier, Stephane"]
[Black "Forlot, Francois"]
[Result "0-1"]
[WhiteElo "1580"]
[BlackElo "1850"]
[PlyCount "96"]
[EventDate "2005.10.16"]
[EventType "team-tourn"]
[EventRounds "7"]
[EventCountry "FRA"]
[SourceTitle "EXT 2007"]
[Source "ChessBase"]
[SourceDate "2006.11.23"]
[SourceVersion "1"]
[SourceVersionDate "2006.11.23"]
[SourceQuality "1"]

1. c4 e5 2. Nc3 Nf6 3. g3 c6 4. e4 Bc5 5. h3 d6 6. Nf3 Nbd7 7. d4 exd4 8. Nxd4 Ne5 9. Nf3 Qb6 10. Nxe5 Bxf2+ 11. Ke2 dxe5 12. Qd6 Bxg3 13. c5 Qd8 14. Qxd8+ Kxd8 15. Bg5 Ke7 16. Rg1 Bf4 17. Bxf4 exf4 18. Rxg7 Nh5 19. Rg5 Ng3+ 20. Kf3 h6 21. Nd5+ cxd5 22. Re5+ Kf6 23. Rxd5 Nxf1 24. Rxf1 Bxh3 25. Rfd1 Be6 26. R5d4 Ke5 27. Rb4 h5 28. Rb5 Bg4+ 29. Kf2 Bxd1 30. c6+ Kxe4 31. cxb7 Rab8 32. Rb4+ Ke5 33. Rb5+ Kd6 34. Rb4 f3 35. Rd4+ Ke5 36. Rxd1 Rxb7 37. Kxf3 Rxb2 38. Rd7 Rc8 39. Re7+ Kf6 40. Rxa7 Rc3+ 41. Ke4 Rb6 42. Ra5 Ke6 43. Re5+ Kd6 44. Rxh5 Rc4+ 45. Kf5 Rb5+ 46. Kf6 Rxh5 47. Kg7 Ke7 48. a4 Rg4# 0-1

[Event "FRA-chT4 0506"]
[Site "Bretagne"]
[Date "2005.11.20"]
[Round "2"]
[White "Hamon, Yann"]
[Black "Forlot, Francois"]
[Result "1/2-1/2"]
[WhiteElo "1790"]
[BlackElo "1850"]
[PlyCount "123"]
[EventDate "2005.10.16"]
[EventType "team-tourn"]
[EventRounds "7"]
[EventCountry "FRA"]
[SourceTitle "EXT 2007"]
[Source "ChessBase"]
[SourceDate "2006.11.23"]
[SourceVersion "1"]
[SourceVersionDate "2006.11.23"]
[SourceQuality "1"]

1. d4 Nf6 2. Nf3 g6 3. c4 c5 4. e3 d6 5. dxc5 Qa5+ 6. Bd2 Qxc5 7. Bc3 Bg7 8. Be2 Be6 9. Nbd2 Nbd7 10. 0-0 a6 11. Rc1 0-0 12. b4 Qb6 13. a3 Rfd8 14. Nd4 Nf8 15. Nxe6 Nxe6 16. Qc2 Rac8 17. Qb2 Qc7 18. Rfd1 d5 19. cxd5 Ng4 20. Bxg4 Bxc3 21. Qb3 f5 22. Nb1 fxg4 23. Rxc3 Qd6 24. Rxc8 Rxc8 25. dxe6 Qc7 26. Qb2 h5 27. Qe2 Qe5 28. g3 Qxe6 29. Qd3 Rf8 30. Qd5 Kf7 31. Qxe6+ Kxe6 32. Nc3 Rc8 33. Ne4 b6 34. Rd4 Kf5 35. Nd2 Rc1+ 36. Kg2 Ra1 37. Nc4 b5 38. e4+ Ke6 39. Ne3 Rxa3 40. Rd5 Rb3 41. Nc2 Rb2 42. Rc5 Kd6 43. e5+ Ke6 44. Nd4+ Kd7 45. Nxb5 axb5 46. Rxb5 Ke6 47. Rb7 Re2 48. Rb6+ Kf7 49. Rb5 Re1 50. Rc5 Rb1 51. Rb5 Re1 52. h3 Re2 53. hxg4 hxg4 54. Rc5 Re4 55. b5 Rb4 56. Kf1 Ke6 57. Ke2 Rb2+ 58. Ke3 g5 59. Rc4 Rxb5 60. Rxg4 Rxe5+ 61. Kd3 Kf5 62. Rb4 1/2-1/2

[Event "Morbihan-ch 0405"]
[Site "Arradon"]
[Date "2005.01.29"]
[Round "4"]
[White "Forlot, Francois"]
[Black "Peyre, Jean Jacques"]
[Result "1-0"]
[WhiteElo "1680"]
[BlackElo "1670"]
[PlyCount "87"]
[EventDate "2004.10.10"]
[EventType "swiss"]
[EventRounds "7"]
[EventCountry "FRA"]
[SourceTitle "EXT 2007"]
[Source "ChessBase"]
[SourceDate "2006.11.23"]
[SourceVersion "1"]
[SourceVersionDate "2006.11.23"]
[SourceQuality "1"]

1. e4 c5 2. Nf3 Nc6 3. d4 cxd4 4. Nxd4 Nf6 5. Nc3 e5 6. Ndb5 d6 7. Bg5 a6 8. Bxf6 gxf6 9. Na3 f5 10. Qd3 fxe4 11. Nxe4 d5 12. Qxd5 Qxd5 13. Nf6+ Kd8 14. Nxd5 Bh6 15. Rd1 Rb8 16. Nc4 Ke8 17. Nd6+ Kf8 18. Nxc8 Rxc8 19. Nb6 Re8 20. Rd7 Kg7 21. Rxb7 Rb8 22. Rxb8 Rxb8 23. Na4 Nb4 24. c3 Nxa2 25. Kd1 Rd8+ 26. Kc2 Rd2+ 27. Kb1 Rxf2 28. Kxa2 e4 29. Nc5 e3 30. Bxa6 Rxg2 31. Bd3 Rd2 32. Ka3 Bf4 33. b4 Bd6 34. Bc4 f5 35. Rf1 Kg6 36. h4 h5 37. Kb3 Bg3 38. Rg1 f4 39. Ne4 Kf5 40. Nxd2 exd2 41. Be2 Bxh4 42. Bxh5 Ke4 43. Rf1 Bf2 44. Rxf2 1-0

[Event "Morbihan-ch 0405"]
[Site "Arradon"]
[Date "2004.12.18"]
[Round "3"]
[White "Bignon, Anne Tifenn"]
[Black "Forlot, Francois"]
[Result "0-1"]
[WhiteElo "1550"]
[BlackElo "1690"]
[PlyCount "48"]
[EventDate "2004.10.10"]
[EventType "swiss"]
[EventRounds "7"]
[EventCountry "FRA"]
[SourceTitle "EXT 2007"]
[Source "ChessBase"]
[SourceDate "2006.11.23"]
[SourceVersion "1"]
[SourceVersionDate "2006.11.23"]
[SourceQuality "1"]

1. e4 e5 2. Nf3 Nc6 3. d4 exd4 4. Bc4 Bc5 5. Ng5 Ne5 6. Bxf7+ Nxf7 7. Nxf7 Bb4+ 8. c3 dxc3 9. 0-0 Qf6 10. Qb3 cxb2 11. Bxb2 Qxf7 12. Qxb4 Ne7 13. Qc3 0-0 14. Qxc7 b6 15. Nc3 Ba6 16. Rfb1 Qxf2+ 17. Kh1 Bd3 18. Rg1 Qxb2 19. Rad1 Rac8 20. Qxd7 Rxc3 21. Qxe7 Qxa2 22. Ra1 Qf2 23. Rxa7 Qxg1+ 24. Kxg1 Rf1# 0-1

[Event "Morbihan-ch 0405"]
[Site "Arradon"]
[Date "2004.11.20"]
[Round "2"]
[White "Forlot, Francois"]
[Black "Chea, Ngou"]
[Result "1-0"]
[WhiteElo "1690"]
[BlackElo "1499"]
[PlyCount "91"]
[EventDate "2004.10.10"]
[EventType "swiss"]
[EventRounds "7"]
[EventCountry "FRA"]
[SourceTitle "EXT 2007"]
[Source "ChessBase"]
[SourceDate "2006.11.23"]
[SourceVersion "1"]
[SourceVersionDate "2006.11.23"]
[SourceQuality "1"]

1. e4 e6 2. d4 d5 3. Nc3 Nf6 4. e5 Nfd7 5. Bd3 c5 6. Nf3 cxd4 7. Nxd4 Nxe5 8. Bf4 Nxd3+ 9. cxd3 Bc5 10. Ndb5 Na6 11. Qg4 0-0 12. Qg3 Bd7 13. 0-0 Bxb5 14. Nxb5 Be7 15. Rfe1 Qb6 16. Nc3 Bf6 17. Rab1 Rfc8 18. h4 d4 19. Ne4 Qd8 20. h5 Bh4 21. Qf3 b6 22. h6 g6 23. Be5 Nc5 24. Nf6+ Bxf6 25. Bxf6 Qf8 26. Bxd4 Nd7 27. Bg7 Qd6 28. d4 Qc6 29. Qe3 Qd5 30. Rbc1 b5 31. Rxc8+ Rxc8 32. Rc1 Rxc1+ 33. Qxc1 Qc4 34. Qg5 Nf8 35. Bxf8 Qxd4 36. Bg7 Qd5 37. Qxd5 exd5 38. Kf1 f5 39. f4 Kf7 40. Ke2 Ke6 41. Kd3 a5 42. b4 axb4 43. Bf8 Kd7 44. Bxb4 Kc6 45. Kd4 Kd7 46. Kxd5 1-0

[Event "Morbihan-ch 0304"]
[Site "Morbihan"]
[Date "2004.01.10"]
[Round "4"]
[White "Forlot, Francois"]
[Black "Pascot, Jean"]
[Result "0-1"]
[WhiteElo "1540"]
[BlackElo "1850"]
[PlyCount "86"]
[EventDate "2003.10.??"]
[EventType "swiss"]
[EventRounds "7"]
[EventCountry "FRA"]
[SourceTitle "EXT 2005"]
[Source "ChessBase"]
[SourceDate "2004.11.15"]
[SourceVersion "1"]
[SourceVersionDate "2004.11.15"]
[SourceQuality "1"]

1. e4 e5 2. Nf3 Nc6 3. Bb5 a6 4. Ba4 Nf6 5. 0-0 b5 6. Bb3 Be7 7. Re1 0-0 8. d3 h6 9. c3 d6 10. h3 Na5 11. Nbd2 Nxb3 12. Nxb3 c5 13. Nbd2 Bb7 14. c4 b4 15. Nf1 Qd7 16. Ng3 Rfe8 17. Qd2 a5 18. Nf5 Bf8 19. g4 Nh7 20. Kg2 Bc8 21. Rg1 Re6 22. Kh2 Rg6 23. N3h4 Ng5 24. Qe3 Rf6 25. Bd2 g6 26. Qg3 Bg7 27. Nxg7 Kxg7 28. Raf1 Qe7 29. f4 exf4 30. Rxf4 Bd7 31. Rxf6 Qxf6 32. Bf4 Re8 33. Rg2 Re6 34. Re2 Kh7 35. Kh1 Nxh3 36. Ng2 Nxf4 37. Nxf4 Qe5 38. Rf2 Rf6 39. Qe3 Qg5 40. Rf3 Bxg4 41. Rf2 Qh4+ 42. Rh2 Bf3+ 43. Qxf3 Qxf4 0-1